• 首页
  • 本馆介绍
  • 公告通知
  • 最新文献
  • 馆藏检索
  • 电子资源
  • 读者导购
  • 参考咨询
  • 我的图书馆
  • 登录
  • 详细信息显示
  • 放入我的书架
  • 预约/预借图书
  • 作者相关作品
  • 分类相关作品
  • 丛书相关作品
  • 出版社相关作品

书目信息

  • 表格格式
  • 工作单格式
  • 卡片格式
题名:
小学同步作文与阅读训练
    
 
作者: 徐力 主编
分册: 五年级上册  
出版信息: 延边   延边人民出版社  2004
页数: 136页
开本: 19cm
丛书名:
单 册:
中图分类: G624.24
科图分类: 38.6341
主题词: 作文--小学--教学参考资料
电子资源:
ISBN: 7-80599-413-7
000 00734nam0 2200253 45
001 0191032505
005 20070725092140.56
010    @a7-80599-413-7@dCNY5.00
100    @a19920114d2004 cdmy0chiy0121 ea
101 0  @achi
102    @aCN@b510000
105    @ay z 000yy
200 10 @a小学同步作文与阅读训练@Axiao xue tong bu zuo wen yu yue du xun lian@h五年级上册@f徐力等主编@Fxu li deng zhu bian
205    @a3版
210    @a延边@c延边人民出版社@d2004
215    @a136页@d19cm
300    @a九年义务教育六年制
540 1  @a同步@ATONG BU
606    @a作文@x小学@x教学参考资料
690    @aG624.24
692    @a38.6341
701  0 @a徐力@Axu li@4主编
801  0 @aCN@bTSSF@c20070725
905    @a10447@dG624.24@e353:5(1)=3
    
    小学同步作文与阅读训练.五年级上册/徐力等主编.-3版.-延边:延边人民出版社,2004
    136页;19cm
    九年义务教育六年制
    
    ISBN 7-80599-413-7:CNY5.00
    
●
相关链接 在E读中查询图书 在五车中查询图书 在当当中查询图书 在豆瓣中查询图书


正题名:小学同步作文与阅读训练     索取号:G624.24/353:5(1)=3         预约/预借

序号 登录号 条形码 馆藏地/架位号 状态 备注
1 0767666   207676665   第一样本阅览室/ [索取号:G624.24/353:5(1)=3] 在馆    
唐山师范学院图书馆 欢迎您!
大连网信软件有限公司© 版权所有